000
00242nam a2200109Ia 4500
008
190216s9999||||xx |||||||||||||| ||und||
100
_a
Kesavan Nair
245
0
_a
Tagore Kathakal
260
_b
K R Brothers
650
_a
Kathakal
942
_c
BK
999
_c
23939
_d
23939